01020nam a22003257a 4500001000700000003000900007005001700016007000700033008004600040020001900086040002200105092001500127245005300142246002100195260005200216300002500268500003900293505002500332700002500357700002200382700003000404700002200434700002100456700002100477942001200498945003900510952011400549956001600663999001500679000065DO-SdBNP20180124135641.0000065160309b 1997 ilu a ||||| |||| 00| 0 spa d a9780669433302  aBNPHUbspacBNPHU axxxxbxxxx00aDime! Dos /c Fabián A. Samaniego ... [et al.]10aHeath dime! dos. aEvanston, Illinois :bMcDougal Littell, c1997. av. :bil. ; c28 cm. aEn la portada. Heath dimé! dos. gPt.1. Dime! dos -- 12aSamaniego, Fabian A.12aBrown, M. Carol 12aCarlin, Patricia Hamilton12aGorman, Sidney E.12aBrown, Carol L. 12aSparks, Carol L. 2ddccBK a Inventariado extranjero / 2018 VM 00102ddc40708CGaBPMETbBPMETd2016-03-09eDonado por FUNDIl0pBPMSU16030024r2016-03-09w2016-03-09yBK 2LOPEREZ310 c9163d9163